| 000 | 01295nam a2200217Ia 4500 | ||
|---|---|---|---|
| 003 | Ost | ||
| 005 | 20260507075327.0 | ||
| 008 | 260507s9999||||xx |||||||||||||| ||und|| | ||
| 020 | _a62343899579 | ||
| 040 | _cfsecg | ||
| 041 | _aara | ||
| 082 | _a330 | ||
| 100 |
_aقدي، عبد المجيد _eمؤلف _912 |
||
| 245 | 0 |
_aدراسات في علم الضرائب / _c عبد المجيد قدي |
|
| 260 |
_aعمان: _bدار جرير, _c2011 |
||
| 300 |
_a304 صفحة؛ _bإيضاحات ؛ _c25 سم |
||
| 504 | _aفهرس الجداول ص.13 ؛ فهرس الاشكال ص.15 | ||
| 520 | _aالضريبة و مبادئها ، التنظيم الفني للضريبة ، النظام الضريبي، السياسة الضريبية و أبعادها ، الضريبة ( الرسم ) علىالقيمة المضافة ، الضرائب المحلية و اتجاهاتها ،الضرائم و الرسوم البيئية ، الضرائب على التجارة الدولية ، المنافسة الضريبية و التنسيق الضريبي ، مظاهر و مكافحة الغش الضريبي ، العفو الضريبي ، الاصلاح الضريبي و اتجاهاته ، السلطة و الادارة الضريبية | ||
| 653 | _aالضرائب | ||
| 942 | _cكتاب | ||
| 999 |
_c43971 _d43971 |
||